Nezamestnanosť mladých ľudí v Európskej únii a prístupy k jej riešeniu
Postavenie mladých ľudí na trhu práce danej krajiny, ktorí pri hľadaní práce čelia špecifickým bariéram. Participácia mladých ľudí na trhu práce je do významnej miery daná odbornou prípravou, ktorá nie vždy zodpovedá požiadavkám zamestnávateľov.
Uložené v:
| Hlavný autor: | |
|---|---|
| Médium: | Kapitola |
| Jazyk: | Slovak |
| Predmet: | |
| Tagy: |
Žiadne tagy, Buďte prvý, kto otaguje tento záznam!
|
MARC
| LEADER | 00000nla a2200000 4500 | ||
|---|---|---|---|
| 001 | 0167870 | ||
| 005 | 20240502072927.9 | ||
| 041 | 0 | |a slo | |
| 044 | |a SK | ||
| 245 | 1 | 0 | |a Nezamestnanosť mladých ľudí v Európskej únii a prístupy k jej riešeniu |c Mária Husáková |
| 520 | |a Postavenie mladých ľudí na trhu práce danej krajiny, ktorí pri hľadaní práce čelia špecifickým bariéram. Participácia mladých ľudí na trhu práce je do významnej miery daná odbornou prípravou, ktorá nie vždy zodpovedá požiadavkám zamestnávateľov. | ||
| 610 | 2 | 0 | |a nezamestnanosť |
| 610 | 2 | 0 | |a skupiny vekové |
| 610 | 2 | 0 | |a absolventi |
| 610 | 2 | 0 | |a Európska únia |
| 610 | 2 | 0 | |a trh práce |
| 610 | 2 | 0 | |a príležitosť pracovná |
| 610 | 2 | 0 | |a miesta voľné |
| 100 | 1 | |a Husáková, Mária | |